[Event "AUTO-ELITE-1439"]
[Site "http://www.queenalice.com/game.php?id=1337966"]
[Date "2015.1.29"]
[Round "1"]
[White "testouverture"]
[Black "FabioDavid"]
[Result "0-1"]
[WhiteElo "2218"]
[BlackElo "2384"]

1. d4 f5 2. Bg5 h6 3. Bh4 g5 4. e3 Nf6 5. Be2 Bg7 6. Bg3 d6 7. h4 c5 8. hxg5
hxg5 9. Rxh8+ Bxh8 10. c3 cxd4 11. cxd4 Qb6 12. Qb3 Qxb3 13. axb3 Nc6 14. Nc3 f4
15. Bh2 fxe3 16. fxe3 g4 17. Bb5 Bd7 18. d5 Nb4 0-1

[Event "AUTO-ELITE-1439"]
[Site "http://www.queenalice.com/game.php?id=1337967"]
[Date "2015.1.29"]
[Round "1"]
[White "FabioDavid"]
[Black "testouverture"]
[Result "1-0"]
[WhiteElo "2395"]
[BlackElo "2211"]

1. b3 f5 2. Bb2 Nf6 3. Nf3 e6 4. e3 Be7 5. Be2 b6 6. c4 O-O 7. O-O Bb7 8. d4 d6
9. d5 exd5 10. cxd5 Nbd7 11. Nd4 Bxd5 12. Nc3 Bb7 13. Nxf5 d5 14. e4 Nxe4 15.
Nxe7+ Qxe7 16. Nxd5 Qg5 17. Bc4 Kh8 18. f4 Qh4 19. Nxc7 1-0

[Event "AUTO-ELITE-1439"]
[Site "http://www.queenalice.com/game.php?id=1337968"]
[Date "2015.1.29"]
[Round "1"]
[White "testouverture"]
[Black "mathematician1961"]
[Result "0-1"]
[WhiteElo "2244"]
[BlackElo "2331"]

1. Nf3 d5 2. c4 d4 3. g3 c5 4. Bg2 Nc6 5. O-O e5 6. d3 Bd6 7. e3 Nf6 8. exd4
cxd4 9. Re1 O-O 10. a3 h6 11. b4 Re8 12. Nbd2 Bg4 13. h3 Bf5 14. Qb3 Bc7 15. Bb2
a6 16. a4 a5 17. b5 Nb4 18. Bf1 Nd7 0-1

[Event "AUTO-ELITE-1439"]
[Site "http://www.queenalice.com/game.php?id=1337969"]
[Date "2015.1.29"]
[Round "1"]
[White "mathematician1961"]
[Black "testouverture"]
[Result "1-0"]
[WhiteElo "2367"]
[BlackElo "2226"]

1. e4 d5 2. exd5 Qxd5 3. Nf3 Bg4 4. Be2 Nc6 5. O-O O-O-O 6. h3 Bh5 7. Nc3 Qd7 8.
b4 Nxb4 9. Ne5 Bxe2 10. Qxe2 Qf5 11. Rb1 e6 12. g4 Qf6 13. Ba3 Bd6 14. d4 c5 15.
Ne4 1-0

[Event "Challenge"]
[Site "http://www.queenalice.com/game.php?id=1338754"]
[Date "2015.2.2"]
[Round "-"]
[White "testouverture"]
[Black "EcheKiel"]
[Result "0-1"]
[WhiteElo "2198"]
[BlackElo "1100"]

1. e4 d5 2. exd5 Nf6 3. Nc3 c6 4. dxc6 bxc6 5. Bc4 Ba6 6. Qe2 Qb6 7. Nf3 e6 8.
O-O Bd6 9. b3 Nbd7 10. Bb2 Nc5 11. d4 Bxc4 12. Qxc4 Nce4 13. Nxe4 Nxe4 14. Rfe1
Nf6 15. Ne5 O-O 16. Qxc6 Rac8 17. Qxb6 axb6 18. c4 Rfd8 19. Rac1 Bxe5 20. dxe5
Rd2 21. exf6 Rxb2 22. fxg7 Rxa2 23. g3 Rd8 24. Red1 Rxd1+ 25. Rxd1 Ra3 26. Rd3
Kxg7 27. Kg2 e5 28. g4 Kg6 29. h4 f6 30. Kg3 h5 31. f3 f5 32. Rd6+ Kf7 33. Rxb6
f4+ 34. Kf2 hxg4 35. Rb5 g3+ 36. Kg2 Ra2+ 37. Kh3 Kf6 38. h5 Kf5 0-1

[Event "Challenge"]
[Site "http://www.queenalice.com/game.php?id=1338755"]
[Date "2015.2.2"]
[Round "-"]
[White "EcheKiel"]
[Black "testouverture"]
[Result "0-1"]
[WhiteElo "1100"]
[BlackElo "2205"]

1. Nf3 c5 2. c3 Nf6 3. Qa4 Nc6 4. d4 e6 5. Bf4 Qb6 6. Nfd2 cxd4 7. e4 d5 8. Bd3
Bd7 9. Na3 Qxb2 10. Nc2 Qxc3 11. Bb5 d3 12. Bxc6 Bxc6 13. Qd4 Qxd4 14. Nxd4 Nxe4
15. O-O Nxd2 16. Bxd2 Bd6 17. Rfe1 Kd7 18. Rab1 Rab8 19. Nxc6 bxc6 20. Rb3 Rxb3
21. axb3 Rb8 22. Rb1 Bb4 23. Bf4 Rb7 24. Rd1 Bd6 25. Bg3 Bxg3 0-1

[Event "Challenge"]
[Site "http://www.queenalice.com/game.php?id=1338865"]
[Date "2015.2.2"]
[Round "-"]
[White "testouverture"]
[Black "Madagaskira"]
[Result "1/2-1/2"]
[WhiteElo "2185"]
[BlackElo "2225"]

1. c4 e5 2. Nc3 d6 3. g3 Be6 4. Bg2 Nc6 5. Nd5 Nge7 6. e3 Qd7 7. d3 f5 8. Bd2
Kf7 9. h4 Nd8 10. Nh3 h6 11. e4 Kg8 12. f4 c6 13. Ne3 Nf7 14. Qe2 a5 15. Bc3 g5
16. fxg5 hxg5 17. Nxg5 Nxg5 18. hxg5 Rxh1+ 19. Bxh1 f4 20. gxf4 exf4 21. Nc2 Bg7
22. Nd4 Bf7 23. Bf3 Qh3 24. O-O-O Qg3 25. Qg2 Be5 26. Nf5 Nxf5 27. exf5 Qxg2 28.
Bxg2 Bh5 29. Rf1 Be2 30. Rf2 1/2-1/2

[Event "AUTO-ELITE-1453"]
[Site "http://www.queenalice.com/game.php?id=1342392"]
[Date "2015.2.18"]
[Round "1"]
[White "TigranPetrosian"]
[Black "testouverture"]
[Result "1-0"]
[WhiteElo "2353"]
[BlackElo "2200"]

1. e4 d5 2. exd5 Qxd5 3. Nc3 Qa5 4. d4 Nf6 5. Nf3 c6 6. Bc4 Bf5 7. Ne5 e6 8. g4
Be4 9. Rg1 Nbd7 10. Bd2 Bb4 11. Nxd7 Kxd7 12. g5 Bd5 13. gxf6 Bxc4 14. fxg7 Rhg8
15. Qf3 Qf5 16. Qxf5 exf5 17. O-O-O Rae8 18. d5 f6 19. dxc6+ Kxc6 20. a4 Re7 21.
Bh6 a6 22. Rd4 b5 23. Nd5 Bxd5 24. Rxb4 Kc5 25. Rf4 Re5 26. Rd1 b4 27. b3 a5 28.
Rfd4 1-0

[Event "AUTO-ELITE-1453"]
[Site "http://www.queenalice.com/game.php?id=1342393"]
[Date "2015.2.18"]
[Round "1"]
[White "testouverture"]
[Black "TigranPetrosian"]
[Result "0-1"]
[WhiteElo "2207"]
[BlackElo "2302"]

1. d4 Nf6 2. c4 g6 3. Nc3 Bg7 4. e4 d6 5. Be2 O-O 6. g4 c5 7. g5 Nfd7 8. d5 e6
9. h4 exd5 10. exd5 Re8 11. Be3 Ne5 12. h5 gxh5 13. Rxh5 Bf5 14. Qd2 Nbd7 15.
O-O-O Qa5 16. a3 Nb6 17. Nb5 Nexc4 18. Bxc4 Nxc4 19. Qxa5 Bxb2# 0-1

[Event "AUTO-ELITE-1453"]
[Site "http://www.queenalice.com/game.php?id=1342400"]
[Date "2015.2.18"]
[Round "1"]
[White "testouverture"]
[Black "seega"]
[Result "0-1"]
[WhiteElo "2195"]
[BlackElo "2235"]

1. d4 Nf6 2. c4 e6 3. Nf3 b6 4. g3 Bb7 5. Bg2 Be7 6. Nc3 Ne4 7. Qd3 Nxc3 8. Qxc3
O-O 9. O-O f5 10. b4 Bf6 11. e3 Be4 12. a4 c5 13. a5 cxb4 14. Qxb4 Nc6 15. Qb5
Nxa5 16. Bd2 Nc6 17. c5 bxc5 18. Qxc5 Qe7 19. Rfc1 Qxc5 20. Rxc5 Rab8 21. Bc3
Be7 22. Rc4 Rb7 23. Nd2 Bxg2 24. Kxg2 Rfb8 25. Rca4 Bb4 26. Bxb4 Rxb4 27. Nc4
Rxa4 28. Rxa4 Kf8 29. Kf3 Ke7 30. Kf4 h6 31. h4 Rb4 32. Rxb4 Nxb4 33. f3 Nd3#
0-1

[Event "AUTO-ELITE-1453"]
[Site "http://www.queenalice.com/game.php?id=1342401"]
[Date "2015.2.18"]
[Round "1"]
[White "seega"]
[Black "testouverture"]
[Result "1/2-1/2"]
[WhiteElo "2246"]
[BlackElo "2184"]

1. Nf3 c5 2. c4 Nf6 3. Nc3 b6 4. g3 Bb7 5. Bg2 g6 6. O-O Bg7 7. Re1 d5 8. d4 O-O
9. cxd5 cxd4 10. Nxd4 Nxd5 11. Ndb5 a6 12. Nxd5 axb5 13. Bg5 Bxd5 14. Qxd5 Qxd5
15. Bxd5 Ra7 16. Be3 Nd7 17. Rac1 Bxb2 18. Rb1 Bc3 19. Red1 b4 20. Bb3 Nc5 21.
Bxc5 bxc5 22. Rd5 Rc7 23. Bc4 e6 24. Rd3 Ra8 25. Rbd1 Raa7 26. Kg2 Kg7 27. f4
Kf6 28. Kf3 h5 1/2-1/2

[Event "Challenge suite"]
[Site "http://www.queenalice.com/game.php?id=1345644"]
[Date "2015.3.4"]
[Round "-"]
[White "EcheKiel"]
[Black "testouverture"]
[Result "1/2-1/2"]
[WhiteElo "1170"]
[BlackElo "2188"]

1. Nf3 d5 2. c3 c5 3. d4 e6 4. Bg5 Qb6 5. b3 cxd4 6. Nxd4 Be7 7. Qc1 Nc6 8. e4
Nxd4 9. Bxe7 Nxe7 10. cxd4 Qxd4 11. Qc3 Qxc3+ 12. Nxc3 Bd7 13. exd5 Nxd5 14. Ne4
Ke7 15. Bd3 Rhc8 16. Kd2 Nf4 17. g3 Nxd3 18. Kxd3 Bc6 19. Rhc1 Rd8+ 20. Ke3 Bxe4
21. Kxe4 Rac8 22. h4 f5+ 23. Ke3 e5 24. f3 g6 25. Rc4 Rxc4 26. bxc4 Rd4 27. c5
Rc4 28. Rb1 Rxc5 29. Rxb7+ Kf6 30. Rxa7 Rc3+ 31. Ke2 1/2-1/2

[Event "AUTO-OPEN-3171"]
[Site "http://www.queenalice.com/game.php?id=1351428"]
[Date "2015.4.3"]
[Round "3"]
[White "CCapivara"]
[Black "testouverture"]
[Result "1-0"]
[WhiteElo "2145"]
[BlackElo "2150"]

1. e4 d5 2. Nf3 dxe4 3. Ng5 e5 4. d3 Nf6 5. Nc3 Bb4 6. Bd2 Nc6 7. Ngxe4 O-O 8.
Be2 Nxe4 9. dxe4 Be6 10. O-O Nd4 11. Bd3 c6 12. Qh5 Qc7 13. f4 exf4 14. Rxf4 g6
15. Qh6 Be7 16. e5 Rad8 17. Ne4 Qxe5 18. Re1 Qg7 19. Qxg7+ Kxg7 20. Bc3 c5 21.
Nd2 Bg5 22. Rf2 Kg8 23. Ne4 Be7 24. Kh1 c4 25. Bf1 b5 26. a3 Rd7 27. Rd1 Rfd8
28. Rfd2 Nxc2 29. Kg1 Rxd2 30. Rxd2 Rxd2 31. Nxd2 1-0

[Event "AUTO-OPEN-3171"]
[Site "http://www.queenalice.com/game.php?id=1351429"]
[Date "2015.4.3"]
[Round "3"]
[White "testouverture"]
[Black "CCapivara"]
[Result "1/2-1/2"]
[WhiteElo "2220"]
[BlackElo "2264"]

1. d4 d6 2. e4 Nf6 3. Bd3 e5 4. c3 d5 5. dxe5 Nxe4 6. Nf3 Nc5 7. Bc2 Bg4 8. Bf4
Nc6 9. O-O Be7 10. Nbd2 d4 11. Re1 O-O 12. h3 Bh5 13. Nb3 dxc3 14. bxc3 Ne6 15.
Bg3 Qxd1 16. Bxd1 Rad8 17. Be2 Rd7 18. Rad1 Rfd8 19. Kf1 Rxd1 20. Rxd1 Rxd1+ 21.
Bxd1 Nc5 1/2-1/2

[Event "AUTO-OPEN-3171"]
[Site "http://www.queenalice.com/game.php?id=1351432"]
[Date "2015.4.3"]
[Round "3"]
[White "testouverture"]
[Black "kilmison"]
[Result "0-1"]
[WhiteElo "2210"]
[BlackElo "2219"]

1. d4 d5 2. c4 c6 3. Nf3 Nf6 4. e3 Bg4 5. Qb3 Qc7 6. Ne5 Bf5 7. cxd5 cxd5 8. Nc3
e6 9. Bd2 Bd6 10. Nb5 Qe7 11. Nxd6+ Qxd6 12. Rc1 O-O 13. Bb4 Qb6 14. Bxf8 Qxb3
15. axb3 Kxf8 16. Rc8+ Ke7 17. Be2 Ne8 18. O-O f6 19. Nd3 e5 20. dxe5 Bxc8 0-1

[Event "AUTO-OPEN-3171"]
[Site "http://www.queenalice.com/game.php?id=1351433"]
[Date "2015.4.3"]
[Round "3"]
[White "kilmison"]
[Black "testouverture"]
[Result "1-0"]
[WhiteElo "2198"]
[BlackElo "2089"]

1. e4 d5 2. exd5 Qxd5 3. Nc3 Qa5 4. Nf3 Nf6 5. d3 c6 6. Be2 Bf5 7. Bd2 Qc7 8.
Na4 e6 9. Nc3 h6 10. a3 Nbd7 11. b4 Be7 12. h3 O-O 13. O-O Rad8 14. Nh4 Bh7 15.
Qc1 Nb6 16. Nf3 Nbd5 17. Na2 Bd6 18. c4 Nf4 19. Bxf4 Bxf4 20. Qd1 Rd7 21. Qb3
Rfd8 22. Rfd1 a5 23. Nc1 axb4 24. axb4 Qb6 25. c5 Qc7 26. Qc4 Nd5 27. Nb3 Be5
28. Nxe5 Qxe5 29. d4 Qg5 30. Qc1 Nf4 31. Bf3 Nxh3+ 32. Kf1 Qxc1 33. Raxc1 1-0

[Event "AUTO-MASTER-2287"]
[Site "http://www.queenalice.com/game.php?id=1355858"]
[Date "2015.4.26"]
[Round "1"]
[White "ocbruno"]
[Black "testouverture"]
[Result "1-0"]
[WhiteElo "2059"]
[BlackElo "2105"]

1. e4 c5 2. Nf3 Nc6 3. Bc4 g6 4. c3 Bg7 5. d4 cxd4 6. cxd4 d6 7. Ng5 e6 8. Qf3
Qc7 9. O-O h6 10. Nh3 Nxd4 11. Qd3 Ne7 12. Nc3 a6 13. a4 b6 14. Be3 Ndc6 15. Bf4
Ne5 16. Bxe5 dxe5 17. f4 exf4 18. Nxf4 O-O 19. Ba2 Nc6 20. Rad1 Nb4 21. Qb1 Nxa2
22. Nxa2 Bb7 23. Nb4 Qc5+ 24. Kh1 Qxb4 25. Rfe1 1-0

[Event "AUTO-MASTER-2287"]
[Site "http://www.queenalice.com/game.php?id=1355859"]
[Date "2015.4.26"]
[Round "1"]
[White "testouverture"]
[Black "ocbruno"]
[Result "0-1"]
[WhiteElo "2119"]
[BlackElo "2040"]

1. e4 e5 2. f4 d5 3. exd5 e4 4. d3 Nf6 5. dxe4 Nxe4 6. Nf3 Bc5 7. Bd3 Bf2+ 8.
Kf1 Qxd5 9. Qe2 f5 10. Nc3 Qe6 11. Nxe4 fxe4 12. Qxe4 Qxe4 13. Bxe4 Bc5 14. g3
Bh3+ 15. Ke2 c6 16. Be3 Bxe3 17. Kxe3 Nd7 18. Ng5 Bg4 19. h3 Bh5 20. g4 Bf7 0-1

[Event "AUTO-MASTER-2287"]
[Site "http://www.queenalice.com/game.php?id=1355874"]
[Date "2015.4.26"]
[Round "1"]
[White "Paulsains"]
[Black "testouverture"]
[Result "1-0"]
[WhiteElo "1864"]
[BlackElo "2171"]

1. e4 c5 2. Nf3 Nc6 3. Be2 g6 4. O-O Bg7 5. Nc3 d6 6. d3 h6 7. Rb1 Bd7 8. Be3
Nf6 9. h3 O-O 10. Nh2 e5 11. Qd2 Kh7 12. f4 Nd4 13. Bxd4 cxd4 14. Nd5 Nxd5 15.
exd5 f5 16. Qb4 Qc7 17. c4 b6 18. fxe5 dxe5 19. Bf3 Rac8 20. d6 Qc5 21. Qxc5
Rxc5 22. b4 Rcc8 23. Rbc1 Bc6 24. Bxc6 Rxc6 25. c5 Rd8 26. g4 1-0

[Event "AUTO-MASTER-2287"]
[Site "http://www.queenalice.com/game.php?id=1355875"]
[Date "2015.4.26"]
[Round "1"]
[White "testouverture"]
[Black "Paulsains"]
[Result "0-1"]
[WhiteElo "2138"]
[BlackElo "1902"]

1. e4 e5 2. Nf3 Nf6 3. Nxe5 Qe7 4. d4 d6 5. Nf3 Qxe4+ 6. Be2 Bf5 7. c4 Qc2 8.
Qxc2 Bxc2 9. Nc3 Nc6 10. O-O O-O-O 11. Bf4 Be7 12. d5 Nb8 13. b4 h6 14. Nd4 g5
15. Be3 Bg6 16. Ndb5 a6 17. Na7+ Kd7 18. c5 dxc5 19. bxc5 c6 20. d6 Bf8 21. Na4
Ke8 22. Bd4 Bg7 23. Bc4 Kf8 24. Nb6 Nh5 0-1

[Event "AUTO-MASTER-2287"]
[Site "http://www.queenalice.com/game.php?id=1355886"]
[Date "2015.4.26"]
[Round "1"]
[White "testouverture"]
[Black "valdenicio"]
[Result "0-1"]
[WhiteElo "2198"]
[BlackElo "2118"]

1. e4 c5 2. Nf3 Nc6 3. d4 cxd4 4. Nxd4 g6 5. c4 Bg7 6. Nb3 Nf6 7. Nc3 O-O 8. Be3
d6 9. Qd2 Be6 10. f3 Na5 11. Nxa5 Qxa5 12. Rc1 Rfc8 13. b3 Nd7 14. Nb5 Qxd2+ 15.
Kxd2 a6 16. Nd4 Nc5 17. g4 Bd7 18. h4 Ne6 19. h5 Nxd4 0-1

[Event "AUTO-MASTER-2287"]
[Site "http://www.queenalice.com/game.php?id=1355887"]
[Date "2015.4.26"]
[Round "1"]
[White "valdenicio"]
[Black "testouverture"]
[Result "1-0"]
[WhiteElo "2091"]
[BlackElo "2186"]

1. d4 d5 2. c4 Nc6 3. Nc3 Nf6 4. Nf3 Bf5 5. Bf4 dxc4 6. e3 e6 7. Bxc4 Bd6 8. Bg5
h6 9. Bxf6 gxf6 10. h3 e5 11. dxe5 Nxe5 12. Nxe5 fxe5 13. Qf3 Bg6 14. Qxb7 O-O
15. Qf3 Rb8 16. b3 Bb4 17. Rc1 1-0